<?xml version="1.0" encoding="UTF-8"?>
<record
    xmlns:xsi="http://www.w3.org/2001/XMLSchema-instance"
    xsi:schemaLocation="http://www.loc.gov/MARC21/slim http://www.loc.gov/standards/marcxml/schema/MARC21slim.xsd"
    xmlns="http://www.loc.gov/MARC21/slim">

  <leader>00562nam a22002057a 4500</leader>
  <controlfield tag="005">20260530150326.0</controlfield>
  <controlfield tag="008">260530b        |||||||| |||| 00| 0 eng d</controlfield>
  <datafield tag="020" ind1=" " ind2=" ">
    <subfield code="a">9783110652673</subfield>
    <subfield code="c">3169.11</subfield>
  </datafield>
  <datafield tag="040" ind1=" " ind2=" ">
    <subfield code="a">MAIN</subfield>
  </datafield>
  <datafield tag="041" ind1=" " ind2=" ">
    <subfield code="a">English</subfield>
  </datafield>
  <datafield tag="082" ind1=" " ind2=" ">
    <subfield code="a">830.9</subfield>
    <subfield code="b">TRA</subfield>
  </datafield>
  <datafield tag="100" ind1=" " ind2=" ">
    <subfield code="a">Hemecker, Wilhelm (ed)</subfield>
    <subfield code="9">26948</subfield>
  </datafield>
  <datafield tag="245" ind1=" " ind2=" ">
    <subfield code="a">Tradition in der Literatur der Wiener Moderne</subfield>
  </datafield>
  <datafield tag="260" ind1=" " ind2=" ">
    <subfield code="a">Berlin</subfield>
    <subfield code="b">De Gruyter</subfield>
    <subfield code="c">2019</subfield>
  </datafield>
  <datafield tag="300" ind1=" " ind2=" ">
    <subfield code="a">309</subfield>
  </datafield>
  <datafield tag="650" ind1=" " ind2=" ">
    <subfield code="a">German Language </subfield>
  </datafield>
  <datafield tag="700" ind1=" " ind2=" ">
    <subfield code="a">Mitterer, Cornelius (ed)  </subfield>
    <subfield code="9">26949</subfield>
  </datafield>
  <datafield tag="700" ind1=" " ind2=" ">
    <subfield code="a">Osterle, David (ed)</subfield>
    <subfield code="9">26950</subfield>
  </datafield>
  <datafield tag="942" ind1=" " ind2=" ">
    <subfield code="c">BK</subfield>
  </datafield>
  <datafield tag="999" ind1=" " ind2=" ">
    <subfield code="c">60928</subfield>
    <subfield code="d">60928</subfield>
  </datafield>
  <datafield tag="952" ind1=" " ind2=" ">
    <subfield code="0">0</subfield>
    <subfield code="1">0</subfield>
    <subfield code="2">ddc</subfield>
    <subfield code="4">0</subfield>
    <subfield code="6">830_900000000000000_TRA</subfield>
    <subfield code="7">1</subfield>
    <subfield code="9">94156</subfield>
    <subfield code="a">MAIN</subfield>
    <subfield code="b">MAIN</subfield>
    <subfield code="d">2026-05-30</subfield>
    <subfield code="o">830.9 TRA</subfield>
    <subfield code="p">54069</subfield>
    <subfield code="r">2026-05-30</subfield>
    <subfield code="w">2026-05-30</subfield>
    <subfield code="y">REF</subfield>
  </datafield>
  <datafield tag="952" ind1=" " ind2=" ">
    <subfield code="0">0</subfield>
    <subfield code="1">0</subfield>
    <subfield code="2">ddc</subfield>
    <subfield code="4">0</subfield>
    <subfield code="6">830_900000000000000_TRA</subfield>
    <subfield code="7">0</subfield>
    <subfield code="9">94157</subfield>
    <subfield code="a">MAIN</subfield>
    <subfield code="b">MAIN</subfield>
    <subfield code="d">2026-05-30</subfield>
    <subfield code="l">0</subfield>
    <subfield code="o">830.9 TRA</subfield>
    <subfield code="p">54070</subfield>
    <subfield code="r">2026-05-30</subfield>
    <subfield code="w">2026-05-30</subfield>
    <subfield code="y">BK</subfield>
  </datafield>
</record>
